| 000 | 00905nam a22002537a 4500 | ||
|---|---|---|---|
| 999 |
_c8387 _d8387 |
||
| 003 | AR-CdUCM | ||
| 008 | 190325b ||||| |||| 00| 0 spa d | ||
| 040 |
_aMUNICIPALIDAD PROVINCIAL DEL CUSCO _cBIBLIOTECA MUNICIPAL DEL CUSCO |
||
| 041 | _heng | ||
| 082 |
_a170 / _bF82 |
||
| 100 |
_aFrankena, William K. _923540 |
||
| 245 | _aÉtica / | ||
| 260 |
_aMéxico D. F. : _bUTEHA, _c1965. |
||
| 300 |
_aXII, 176 páginas ; _c18 cm. |
||
| 440 |
_aManuales Uteha. _n286/286a _923541 |
||
| 440 |
_aFilosofía sección. _n7 _923542 |
||
| 505 | _aContenido: Moralidad y filosofía moral -- Las teorías egoísticas y deontológicas -- Utilitarismo y justicia -- Valor y responsabilidad moral -- Valor intrínseco y la vida buena ... | ||
| 650 |
_aÉtica _91337 |
||
| 650 |
_aFilosofía _9395 |
||
| 650 |
_aMoral _94056 |
||
| 700 |
_aGerhard, Carlos (traducción) _96079 |
||
| 942 |
_2ddc _cLIBROS |
||
| 945 | _aachl | ||